000
00294nam a2200121Ia 4500
008
190216s9999||||xx |||||||||||||| ||und||
100
_a
Samuel Conte And Boor
245
0
_a
Elementary Numerical Analysis
260
_b
Mcgraw -hill
_c
1980
300
_a
432
650
_a
Mathematics
942
_c
BK
999
_c
30730
_d
30730